[Event "AUTO-INT-1041"]
[Site "http://www.queenalice.com/game.php?id=465246"]
[Date "2008.9.18"]
[Round "1"]
[White "lejunges"]
[Black "Shortquick"]
[Result "0-1"]
[WhiteElo "1430"]
[BlackElo "1644"]

1. Nf3 d5 2. d4 c5 3. dxc5 Nc6 4. Qd3 e6 5. Bg5 f6 6. Bh4 Bxc5 7. e3 e5 8. Qb5
Qd6 9. Nc3 a6 10. Qd3 e4 11. Nxe4 dxe4 12. Qxe4+ Nge7 13. Rd1 Qc7 14. Bc4 Bf5
15. Qf4 Qxf4 16. exf4 Rd8 17. Rxd8+ Kxd8 18. O-O Bxc2 19. g4 Re8 20. g5 Nf5 21.
gxf6 Nxh4 22. Nxh4 gxf6 23. Nf3 Re7 24. Rc1 Rg7+ 25. Kf1 Be4 26. Rd1+ Kc7 27.
Nd2 Bg2+ 0-1

[Event "AUTO-INT-1041"]
[Site "http://www.queenalice.com/game.php?id=465261"]
[Date "2008.9.18"]
[Round "1"]
[White "Putz"]
[Black "lejunges"]
[Result "0-1"]
[WhiteElo "1413"]
[BlackElo "1539"]

1. d4 Nc6 2. e3 d5 3. c3 e6 4. Bd3 b6 5. a4 a5 6. e4 Nf6 7. Bg5 dxe4 8. Bb5 e5
9. Bxc6+ Bd7 10. Bxa8 Qxa8 11. b3 exd4 12. Qxd4 Be7 13. Qe5 O-O 14. Qxe7 Rd8 15.
Bf4 Re8 16. Qa3 c5 17. Nd2 e3 18. f3 exd2+ 19. Kxd2 Nd5 20. Bg3 Ne3 21. Re1 Qd5+
22. Kc1 h5 23. Bf4 Nxg2 24. Rxe8+ Bxe8 25. Qb2 Nxf4 26. Kb1 Qd1+ 27. Ka2 Nd3 28.
Qg2 Nc1+ 29. Ka3 Qxb3# 0-1

[Event "AUTO-INT-1041"]
[Site "http://www.queenalice.com/game.php?id=465262"]
[Date "2008.9.18"]
[Round "1"]
[White "lejunges"]
[Black "Putz"]
[Result "0-1"]
[WhiteElo "1508"]
[BlackElo "1420"]

1. e4 e5 2. f3 f6 3. Qe2 Bc5 4. d3 Nc6 5. Nc3 b6 6. Be3 Bxe3 7. Qxe3 Bb7 8. Nd5
Nge7 9. Nxe7 Qxe7 10. Be2 Qb4+ 11. c3 Qxb2 12. Rd1 Qxa2 13. f4 O-O-O 14. Nf3
exf4 15. Qxf4 Qb2 16. Kf2 Qxc3 17. Rc1 Qa5 18. Rhd1 Nd4 19. Nxd4 g5 20. Qxf6
Rhf8 21. Qxf8 Rxf8+ 22. Ke3 Qe5 23. Rf1 Re8 24. Rf5 Qxh2 25. g4 Qg3+ 26. Nf3 h6
27. Rg1 Qd6 28. e5 Qg6 29. Nd4 d6 30. Rf6 Qxf6 31. Nf3 dxe5 32. Rf1 e4 33. dxe4
Bxe4 34. Ba6+ Kb8 35. Nd2 Bb7+ 0-1

[Event "AUTO-INT-1041"]
[Site "http://www.queenalice.com/game.php?id=465271"]
[Date "2008.9.18"]
[Round "1"]
[White "aureliano"]
[Black "lejunges"]
[Result "1-0"]
[WhiteElo "1565"]
[BlackElo "1423"]

1. d4 Nc6 2. c3 Nf6 3. Nf3 d6 4. g3 Qd7 5. Bg2 e5 6. Qd3 b6 7. d5 e4 8. dxc6
exd3 9. cxd7+ Bxd7 10. exd3 O-O-O 11. O-O Be7 12. d4 Bb5 13. Re1 Nd5 14. Na3 Ba4
15. c4 Nb4 16. Rxe7 Rhf8 17. b3 Rfe8 18. Rxf7 Re2 19. bxa4 Rde8 20. Bd2 Nd3 21.
Bh3+ Kb7 22. Bd7 R8e4 23. a5 Rxd2 24. Kg2 Rxf2+ 25. Kh3 Rxd4 26. Rd1 Nf4+ 27.
gxf4 Rxd1 28. a6+ Kxa6 29. Bc6 1-0

[Event "AUTO-INT-1041"]
[Site "http://www.queenalice.com/game.php?id=465272"]
[Date "2008.9.18"]
[Round "1"]
[White "lejunges"]
[Black "aureliano"]
[Result "0-1"]
[WhiteElo "1413"]
[BlackElo "1575"]

1. d3 d5 2. e4 c6 3. Be3 e5 4. exd5 Qxd5 5. Nc3 Qe6 6. Nf3 Nd7 7. Qd2 c5 8. Ng5
Qf5 9. Nd5 Bd6 10. Be2 h6 11. Ne4 Bb8 12. O-O-O Ngf6 13. Ndxf6+ Nxf6 14. Nxf6+
Qxf6 15. Bxc5 b6 16. Be3 a5 17. d4 O-O 18. d5 Bd6 19. Bxb6 Rb8 20. Qxa5 e4 21.
Ba6 Bd7 22. Bd4 Be5 23. Bxe5 Qxe5 24. c3 Qf4+ 25. Rd2 Rfe8 26. g3 Qf3 27. Re1
Re5 28. Re3 Qh1+ 29. Kc2 Qa1 30. b3 Bc8 0-1

[Event "AUTO-OPEN-1295"]
[Site "http://www.queenalice.com/game.php?id=474650"]
[Date "2008.10.8"]
[Round "1"]
[White "Helder1622"]
[Black "lejunges"]
[Result "0-1"]
[WhiteElo "1390"]
[BlackElo "1427"]

1. e4 e5 2. d4 d5 3. exd5 Qxd5 4. Nc3 Qxd4 5. Nb5 Qxd1+ 6. Kxd1 Na6 7. Bc4 c6 8.
Nc3 Bg4+ 9. f3 Rd8+ 10. Bd2 Nb4 11. fxg4 Bc5 12. a3 Na6 13. b4 Be3 14. Ne4 Rd4
15. Bd3 Nf6 0-1

[Event "AUTO-OPEN-1295"]
[Site "http://www.queenalice.com/game.php?id=474651"]
[Date "2008.10.8"]
[Round "1"]
[White "lejunges"]
[Black "Helder1622"]
[Result "1-0"]
[WhiteElo "1411"]
[BlackElo "1406"]

1. e4 e5 2. Nf3 Nc6 3. d4 d5 4. dxe5 dxe4 5. Ng5 Nxe5 6. Nxe4 h5 7. Be2 Bg4 8.
h3 Bxe2 9. Qxe2 Qd4 10. c3 Nd3+ 11. Kd2 Qd5 12. Qxd3 Qf5 13. Re1 Rd8 14. Nd6+
Kd7 15. Nxf5+ 1-0

[Event "AUTO-OPEN-1295"]
[Site "http://www.queenalice.com/game.php?id=474676"]
[Date "2008.10.8"]
[Round "1"]
[White "krikorlima"]
[Black "lejunges"]
[Result "0-1"]
[WhiteElo "1297"]
[BlackElo "1550"]

1. e4 Nf6 2. Qe2 e6 3. g4 Nc6 4. Qc4 Qe7 5. Qb5 b6 6. f3 Bb7 7. Nh3 Nd4 8. Qc4
c5 9. g5 Nxf3+ 10. Kf2 Bxe4 11. d3 Bd5 12. Qa6 Ng4+ 13. Kg3 Ngxh2 14. c4 Bc6 15.
Rxh2 Nxh2 16. Kxh2 Qd6+ 17. Kg1 Qd4+ 0-1

[Event "AUTO-OPEN-1295"]
[Site "http://www.queenalice.com/game.php?id=474677"]
[Date "2008.10.8"]
[Round "1"]
[White "lejunges"]
[Black "krikorlima"]
[Result "1-0"]
[WhiteElo "1556"]
[BlackElo "1291"]

1. e4 e5 2. Nf3 d6 3. Be2 Qf6 4. Nc3 Qg6 5. g3 Bh3 6. d4 exd4 7. Qxd4 f5 8. Nh4
Qf6 9. Bh5+ g6 10. Qa4+ Kf7 11. Qc4+ Qe6 12. Qxc7+ Nd7 13. Nd5 gxh5 14. Qxb7 Rb8
15. Qc7 Qxe4+ 16. Ne3 1-0

[Event "AUTO-OPEN-1295"]
[Site "http://www.queenalice.com/game.php?id=474694"]
[Date "2008.10.8"]
[Round "1"]
[White "lejunges"]
[Black "Pagano"]
[Result "0-1"]
[WhiteElo "1468"]
[BlackElo "2081"]

1. d3 d5 2. e4 dxe4 3. dxe4 Qxd1+ 4. Kxd1 Nf6 5. Bb5+ Bd7 6. Bxd7+ Nbxd7 7. f3
O-O-O 8. Be3 b6 9. Ne2 e5 10. Ng3 g6 11. Nc3 Bb4 12. Re1 c5 13. a3 Bxc3 14. bxc3
c4 15. Bg5 h6 16. Bd2 Nc5 17. Rb1 Na4 18. Rb4 Nxc3+ 19. Kc1 Na2+ 20. Kb2 Nxb4
21. Bxb4 Rd7 22. Ne2 Ne8 0-1

[Event "AUTO-OPEN-1295"]
[Site "http://www.queenalice.com/game.php?id=474695"]
[Date "2008.10.8"]
[Round "1"]
[White "Pagano"]
[Black "lejunges"]
[Result "1-0"]
[WhiteElo "2079"]
[BlackElo "1488"]

1. f4 d5 2. Nf3 Nf6 3. b3 e6 4. Bb2 Nc6 5. e3 Bb4 6. Bb5 a6 7. Bxc6+ bxc6 8. O-O
O-O 9. Ne5 Bb7 10. g4 d4 11. Bxd4 c5 12. Bb2 Ne4 13. d3 Nd6 14. e4 Qh4 15. Nd2
g5 16. Nd7 Rfd8 17. Nf6+ Kf8 18. Nf3 Qh3 19. Nxg5 Qe3+ 20. Kh1 Nxe4 21. Nfxe4
Bxe4+ 22. Nxe4 1-0

[Event "AUTO-INT-1063"]
[Site "http://www.queenalice.com/game.php?id=474791"]
[Date "2008.10.9"]
[Round "1"]
[White "lejunges"]
[Black "Brunao"]
[Result "0-1"]
[WhiteElo "1561"]
[BlackElo "1501"]

1. e4 e5 2. Nf3 Nc6 3. Bd3 d6 4. Nc3 Bg4 5. Nd5 Nf6 6. h3 Be6 7. Bc4 Na5 8.
Nxf6+ gxf6 9. Bxe6 fxe6 10. d3 h5 11. Be3 h4 12. d4 Nc4 13. dxe5 fxe5 14. Bg5
Qd7 15. O-O Nxb2 16. Qc1 Nc4 17. g3 Rh5 18. gxh4 Qg7 19. Rb1 b6 20. Rb4 d5 0-1

[Event "AUTO-INT-1063"]
[Site "http://www.queenalice.com/game.php?id=474792"]
[Date "2008.10.9"]
[Round "1"]
[White "Brunao"]
[Black "lejunges"]
[Result "1-0"]
[WhiteElo "1519"]
[BlackElo "1543"]

1. d4 d5 2. g3 Nc6 3. h4 e6 4. f4 f5 5. c3 Qd6 6. Nf3 Nf6 7. Ng5 h6 8. Nf3 Ng4
9. Ne5 Ncxe5 10. dxe5 Qc5 11. e3 Nxe3 12. Bxe3 Qxe3+ 13. Be2 Bc5 14. Rh2 Qxg3+
15. Kd2 Qxh2 16. Qa4+ c6 17. b4 Bb6 18. b5 Qh3 19. bxc6 Qe3+ 20. Kd1 Qg1+ 21.
Kd2 1-0

[Event "AUTO-INT-1063"]
[Site "http://www.queenalice.com/game.php?id=474793"]
[Date "2008.10.9"]
[Round "1"]
[White "lejunges"]
[Black "mrparkerpawn"]
[Result "0-1"]
[WhiteElo "1434"]
[BlackElo "1568"]

1. Nf3 d5 2. d4 Nf6 3. Nc3 e6 4. Qd3 Nc6 5. Qe3 Bb4 6. a3 Ne4 7. axb4 Nxb4 8.
Nxe4 Nxc2+ 9. Kd2 Nxe3 10. fxe3 dxe4 11. Ne5 Qd5 0-1

[Event "AUTO-INT-1063"]
[Site "http://www.queenalice.com/game.php?id=474794"]
[Date "2008.10.9"]
[Round "1"]
[White "mrparkerpawn"]
[Black "lejunges"]
[Result "1-0"]
[WhiteElo "1556"]
[BlackElo "1446"]

1. d4 d5 2. e3 Nc6 3. Bd3 e5 4. Nd2 exd4 5. Ndf3 Bg4 6. Bb5 dxe3 7. Bxc6+ bxc6
8. Bxe3 Bb4+ 9. c3 Ba5 10. Qd4 Bf5 11. Qxg7 Ne7 12. Qxh8+ 1-0

[Event "AUTO-INT-1063"]
[Site "http://www.queenalice.com/game.php?id=474795"]
[Date "2008.10.9"]
[Round "1"]
[White "lejunges"]
[Black "Wecker"]
[Result "0-1"]
[WhiteElo "1466"]
[BlackElo "1747"]

1. d4 Nf6 2. Nf3 e6 3. e3 d5 4. Ne5 Nc6 5. Bb5 Bd7 6. Bxc6 Bxc6 7. Nxc6 bxc6 8.
f4 Ne4 9. O-O Be7 10. Qh5 Bh4 11. f5 Qg5 12. Qxg5 Bxg5 13. fxe6 fxe6 14. Nc3
Nxc3 15. bxc3 Kd7 16. Rf7+ Kd6 17. Rxg7 h6 18. Ba3+ c5 19. dxc5+ Kc6 20. Re1 a5
21. Rb1 Bxe3+ 22. Kf1 Bf4 0-1

[Event "AUTO-INT-1063"]
[Site "http://www.queenalice.com/game.php?id=474796"]
[Date "2008.10.9"]
[Round "1"]
[White "Wecker"]
[Black "lejunges"]
[Result "0-1"]
[WhiteElo "1697"]
[BlackElo "1550"]

1. d4 d5 2. c4 Nf6 3. cxd5 Nxd5 4. e4 Nb4 5. Nf3 Bg4 6. Nc3 e5 7. Be2 exd4 8.
Nxd4 Bxe2 9. Ncxe2 c5 10. Nf3 Nd3+ 0-1

[Event "Poirot x lejunges "]
[Site "http://www.queenalice.com/game.php?id=530676"]
[Date "2009.1.28"]
[Round "-"]
[White "Poirot"]
[Black "lejunges"]
[Result "1-0"]
[WhiteElo "1961"]
[BlackElo "1440"]

1. e4 e5 2. Nf3 d6 3. d4 Nf6 4. Nc3 Nc6 5. Bb5 Bd7 6. Bxc6 bxc6 7. O-O Bg4 8.
Nb1 Bxf3 9. Qxf3 exd4 10. e5 Nd5 11. c4 dxc3 12. bxc3 Be7 13. c4 Nb4 14. Nc3
dxe5 15. Bb2 O-O 16. Rae1 1-0

[Event "lejunges x Poirot "]
[Site "http://www.queenalice.com/game.php?id=530677"]
[Date "2009.1.28"]
[Round "-"]
[White "lejunges"]
[Black "Poirot"]
[Result "0-1"]
[WhiteElo "1442"]
[BlackElo "1957"]

1. e4 e5 2. f3 Nf6 3. d3 d5 4. Bg5 Nbd7 5. exd5 Be7 6. f4 exf4 7. Bxf6 Bxf6 8.
Qe2+ Be7 9. Nd2 O-O 10. O-O-O Re8 11. Qg4 Bg5 12. Ngf3 Nf6 13. Qxg5 Qxd5 14.
Qxf4 Qxa2 15. Nb1 c5 16. c4 Re6 0-1